000 01017nam a2200241Ia 4500
003 IN-BaIIA
008 211028s9999 xx 000 0 eng d
020 _a90-277-0351-5
040 _cIIA Library
080 _a082.2:52
_bIAU-51
111 _aInternational Astronomical Union Symposium
_n51th
_cCanada
_d1972 Sept. 6-12
_912940
245 0 _aExtended atmospheres and circumstellar matter in spectroscopic binary systems
_bproceedings of the International Astronomical Union Symposium No.51 (Struve Memorial Symposium) held at Parksville, B C Canada 6-12 September 1972
_cedited by A. H. Batten
260 _aDordrecht
_bD. Reidel Publishing
_c1973
300 _axiv, 291p.
490 _aIAU Symposium; no. 51
500 _aDonated by Mrs. Bappu
650 _aAstronomy and Astrophysics Thesaurus
650 _aBinary Stars
_91185
650 _aBinary Systems
_91186
700 _aBatten, A. H. ed.
_97634
710 _aInternational Astronomical Union
942 _cBK
999 _c7653
_d7653